Cargando...
Kanakathaara
| Autor principal: | |
|---|---|
| Formato: | Printed Book |
| Publicado: |
Kollam, M S Book Depot
1967
|
| Materias: |
| LEADER | 004850000a22001690004500 | ||
|---|---|---|---|
| 022 | |a 22-07-2004 | ||
| 041 | |a Malayalam | ||
| 082 | |a A1 KES/K K7 | ||
| 100 | |a Kesavan, Kilimanoor N | ||
| 245 | |a Kanakathaara | ||
| 260 | |a Kollam, M S Book Depot | ||
| 260 | |c 1967 | ||
| 650 | |a Malayalam literature | ||
| 650 | |a Poetry | ||
| 942 | |c BK | ||
| 999 | |c 144505 |d 144501 | ||
| 952 | |0 0 |1 0 |4 0 |6 A_1_000000000000000_KES_K_K7 |7 0 |9 143282 |a SCC |b SCC |d 2017-10-11 |l 0 |o A1 KES/K K7 |p SCC00560 |r 2017-10-11 |w 2017-10-11 |y BK | ||